Представление документа в формате RUSMARC

ПолеНазваниеЗначение
  Тип записи a
  Библиографический уровень m
001 Контрольный номер cad37a98641e4823866f961fcebbac15
005 Дата корректировки 20191015113202.3
010 Индекс ISBN __
a ISBN 978-5-8199-0598-2
010 Индекс ISBN __
a ISBN 978-5-16-009982-9
101 Язык документа 0_
a Язык текста rus
102 Страна публикации __
a Страна публикации RU
200 Заглавие и сведения об ответственности 1_
a Заглавие Экспертиза строительных товаров
e Сведения, относящиеся к заглавию учеб. пособие
f Первые сведения об ответственности Ф. А. Петрище, М. А. Черная
b Общее обозначение материала Текст
210 Выходные данные 1_
c Издательство ИД ФОРУМ
a Место издания Москва
d Дата издания 2019
210 Выходные данные 1_
c Издательство ИНФРА-М
215 Физическое описание __
a Объем 320 с.
225 Серия 2_
a Серия Высшее образование
300 Общие примечания __
a Общие примечания гриф
610 Ключевые слова 0_
a Ключевые слова экспертиза товаров
a Ключевые слова строительные товары
a Ключевые слова материалы
a Ключевые слова упаковка
a Ключевые слова маркировка
a Ключевые слова транспортировка
a Ключевые слова хранение
a Ключевые слова учебное пособие
a Ключевые слова гриф
a Ключевые слова высшее образование
686 Индексы других классификаций __
a Классификационный индекс 30.609я73
2 Код системы rubbk
686 Индексы других классификаций __
2 Код системы rubbk
700 Автор _1
a Фамилия Петрище
b Имя Ф. А.
g Полное личное имя Франц Антонович
701 Альтернативная интеллектуальная ответственность _1
a Фамилия Черная
b Имя М. А.
g Полное личное имя Маргарита Альбертовна
e Роль лиц Автор
4 Код отношения 070
801 Источник записи _0
a Страна RU
b Организация РУК
c Дата составления 20191015
g Правила каталогизации PSBO
801 Источник записи _1
a Страна RU
b Организация РУК
g Правила каталогизации PSBO
852 Данные о местонахождении __
j Шифр хранения ББК 30.609
i Авторский знак П 30
901 Тип документа __
t Тип документа m
937 Технологическая информация __
a Создатель записи (имя) Мясникова
938 Служебная информация __
a Название организации Головной вуз
952 Тип литературы __
b Гриф литературы для ВШ гриф
c Вид литературы учебное пособие